000 00719 a2200169 4500
020 _a0849335639
020 _a9780849335631
082 0 4 _a620.00151825
090 _c286
_d286
100 1 _aKomzsik, Louis.
245 1 0 _aWhat every engineer should know about computational techniques of finite element analysis /
_cLouis Komzsik.
260 _a[S.l.] :
_bCRC Press,
_c2005.
300 _a288 p. ;
_c24 cm.
942 _aSNS
_cBK
_k620.00151825 KOM
999 _c28921
_d28921